<?xml version="1.0" encoding="UTF-8"?>
<record
    xmlns:xsi="http://www.w3.org/2001/XMLSchema-instance"
    xsi:schemaLocation="http://www.loc.gov/MARC21/slim http://www.loc.gov/standards/marcxml/schema/MARC21slim.xsd"
    xmlns="http://www.loc.gov/MARC21/slim">

  <leader>00934nab a2200253 uc4500</leader>
  <controlfield tag="001">704132</controlfield>
  <controlfield tag="005">20250205154715.0</controlfield>
  <controlfield tag="008">011113e19360401                    spa  </controlfield>
  <datafield tag="035" ind1=" " ind2=" ">
    <subfield code="a">704132</subfield>
  </datafield>
  <datafield tag="035" ind1=" " ind2=" ">
    <subfield code="a">(OCoLC)819922215</subfield>
  </datafield>
  <datafield tag="040" ind1=" " ind2=" ">
    <subfield code="c">comduadb</subfield>
  </datafield>
  <datafield tag="041" ind1=" " ind2=" ">
    <subfield code="a">spa</subfield>
  </datafield>
  <datafield tag="100" ind1="1" ind2="0">
    <subfield code="a">Guzman A., A.</subfield>
    <subfield code="4">aut</subfield>
    <subfield code="e">aut</subfield>
    <subfield code="9">345117</subfield>
  </datafield>
  <datafield tag="245" ind1="1" ind2="0">
    <subfield code="a">Breves consideraciones sobre clasificacion escolar</subfield>
  </datafield>
  <datafield tag="650" ind1=" " ind2=" ">
    <subfield code="a">Clasificaciones</subfield>
    <subfield code="9">21268</subfield>
  </datafield>
  <datafield tag="650" ind1=" " ind2=" ">
    <subfield code="a">Fichas pedagogicas</subfield>
    <subfield code="9">87073</subfield>
  </datafield>
  <datafield tag="650" ind1=" " ind2=" ">
    <subfield code="a">Salud escolar</subfield>
    <subfield code="9">364</subfield>
  </datafield>
  <datafield tag="650" ind1=" " ind2=" ">
    <subfield code="a">Test de inteligencia</subfield>
    <subfield code="9">64334</subfield>
  </datafield>
  <datafield tag="650" ind1=" " ind2=" ">
    <subfield code="a">Lectura y educaci&#xF3;n</subfield>
    <subfield code="9">21996</subfield>
  </datafield>
  <datafield tag="650" ind1=" " ind2="7">
    <subfield code="a">Pedagog&#xED;a</subfield>
    <subfield code="2">lemb</subfield>
    <subfield code="9">1626</subfield>
  </datafield>
  <datafield tag="650" ind1=" " ind2="7">
    <subfield code="a">Maestros de educaci&#xF3;n especial</subfield>
    <subfield code="2">lemb</subfield>
    <subfield code="9">8158</subfield>
  </datafield>
  <datafield tag="773" ind1="0" ind2=" ">
    <subfield code="t">Educaci&#xF3;n Antioque&#xF1;a (Medell&#xED;n)</subfield>
    <subfield code="g">Educacion Antioquena (Medellin) Nos. 01-03, Oct.-Dic. 1935 - Vol. 01, Nos. 04-12,  Ene.-Dic. 1936, Vol. 01, No. 07-09, Abr.-Jun. 1936/Educacion Antioquena, p. 410-421</subfield>
    <subfield code="w">688141</subfield>
    <subfield code="0">217905</subfield>
  </datafield>
  <datafield tag="942" ind1=" " ind2=" ">
    <subfield code="c">ARIMP</subfield>
  </datafield>
  <datafield tag="999" ind1=" " ind2=" ">
    <subfield code="c">225124</subfield>
    <subfield code="d">225124</subfield>
  </datafield>
</record>
